[Event "St.Petersburg Rapid 2016"]
[Site "St Petersburg RUS"]
[Date "2016.08.28"]
[Round "9.4"]
[White "Morozevich, Alexander"]
[Black "Rakhmanov, Aleksandr"]
[Result "1-0"]
[WhiteTitle "GM"]
[BlackTitle "GM"]
[WhiteElo "2683"]
[BlackElo "2641"]
[WhiteFideId "4116992"]
[BlackFideId "4173708"]
[EventDate "2016.08.27"]

1. e4 d5 2. exd5 Qxd5 3. Nf3 g6 4. d4 Bg7 5. c4 Qd8 6. Nc3 Nh6 7. Bf4 Nf5 8. Qd2
Nxd4 9. Nxd4 Qxd4 10. Qxd4 Bxd4 11. Nb5 Bb6 12. Nxc7+ Bxc7 13. Bxc7 Nc6 14.
O-O-O Bf5 15. b3 O-O 16. Be2 Rac8 17. Bf4 Rfd8 18. Be3 h5 19. Kb2 f6 20. Rxd8+
Rxd8 21. Kc3 Kf7 22. Rd1 Rxd1 23. Bxd1 h4 24. b4 a6 25. b5 Ne5 26. f4 Ng4 27.
Bg1 e5 28. h3 Nh6 29. fxe5 fxe5 30. Bf3 e4 31. Be2 Be6 32. a4 Nf5 33. Bf2 e3 34.
Be1 axb5 35. axb5 b6 36. c5 bxc5 37. b6 Bc8 38. Bf3 Nd6 39. Bxh4 Ba6 40. Bd5+
Kg7 41. Bg3 e2 42. Kd2 Nb7 43. Be5+ Kh6 44. g4 Kg5 45. Bg3 Na5 46. Ke1 Kf6 47.
Bf3 Ke6 48. h4 Bc8 49. Kxe2 Ba6+ 50. Kd1 Bc8 51. Kc2 Ke7 52. Kc3 Bd7 53. b7 Nxb7
54. Bxb7 Bxg4 55. Kc4 Kf7 56. Bf4 Kg7 57. Kxc5 Bf5 58. Kd6 Kh7 59. Ke5 Kg7 60.
Be4 Bg4 61. Bd2 Bc8 62. Kf4 Kh6 63. Bf3 Bd7 64. Bb4 1-0

[Event "St.Petersburg Rapid 2016"]
[Site "St Petersburg RUS"]
[Date "2016.08.28"]
[Round "9.5"]
[White "Alekseev, Evgeny"]
[Black "Sharafiev, Azat"]
[Result "1-0"]
[WhiteTitle "GM"]
[BlackTitle "IM"]
[WhiteElo "2636"]
[BlackElo "2422"]
[WhiteFideId "4138147"]
[BlackFideId "4186214"]
[EventDate "2016.08.27"]

1. e4 c5 2. Nf3 d6 3. d4 cxd4 4. Qxd4 a6 5. h3 Nc6 6. Qe3 g6 7. Be2 Bh6 8. Qc3
Qa5 9. Qxa5 Nxa5 10. Bxh6 Nxh6 11. Nc3 e6 12. Na4 f6 13. Nb6 Rb8 14. O-O-O Nf7
15. Nd4 e5 16. b4 Nc6 17. Nxc6 bxc6 18. Nxc8 Rxc8 19. Bxa6 Rb8 20. c3 Ke7 21.
Bc4 Ng5 22. Rhe1 Ra8 23. f3 Ne6 24. Rd2 f5 25. Bb3 fxe4 26. fxe4 Rhf8 27. a4 c5
28. Kb2 Rfb8 29. Bxe6 Kxe6 30. Kb3 Ra6 31. Rf1 Rba8 32. a5 Rb8 33. Ra2 d5 34.
exd5+ Kxd5 35. c4+ Ke4 36. b5 Rd6 37. Re2+ Kd3 38. Rd1+ Kxe2 39. Rxd6 e4 40. a6
Ra8 41. Ka4 e3 42. Ka5 Re8 43. a7 Kf2 44. Rd1 e2 45. Rd2 1-0

[Event "St.Petersburg Rapid 2016"]
[Site "St Petersburg RUS"]
[Date "2016.08.28"]
[Round "9.6"]
[White "Gordievsky, Dmitry"]
[Black "Pridorozhni, Aleksei"]
[Result "1-0"]
[WhiteTitle "IM"]
[BlackTitle "GM"]
[WhiteElo "2555"]
[BlackElo "2579"]
[WhiteFideId "24112798"]
[BlackFideId "4127870"]
[EventDate "2016.08.27"]

1. Nf3 d6 2. d4 Nf6 3. c4 g6 4. Nc3 Bg7 5. e4 O-O 6. Be2 c6 7. O-O a6 8. Bg5 h6
9. Bf4 g5 10. Be3 b5 11. Nd2 e5 12. dxe5 dxe5 13. Bc5 Re8 14. a4 Nbd7 15. Ba3
bxa4 16. c5 Nf8 17. Nc4 Be6 18. Qxa4 Bxc4 19. Bxc4 Qc7 20. Bb4 Ne6 21. Bxe6 Rxe6
22. Ba5 Qb7 23. Rfd1 Bf8 24. b4 Be7 25. Rd3 Nd7 26. Qc2 Nf8 27. Rad1 Re8 28. Bb6
Rg6 29. Ne2 Qc8 30. Ng3 Ne6 31. Nf5 Nd4 32. Nxd4 exd4 33. Rxd4 Re6 34. Rd7 Bf6
35. f3 g4 36. Qf2 Qb8 37. R1d6 Rxd6 38. Rxd6 Be5 39. Rxh6 Bxh2+ 40. Kf1 Qf4 41.
Rd6 Qc1+ 42. Qe1 Qc4+ 43. Qe2 Qxb4 44. Rd1 a5 45. Qe3 Qc4+ 46. Kf2 Be5 47. Bxa5
Bg7 48. Be1 f5 49. Kg1 gxf3 50. Qxf3 fxe4 51. Qe3 Qf7 52. Bg3 Qh5 53. Re1 Qd5
54. Bf2 Re6 55. Rb1 Kh7 56. Qh3+ Rh6 57. Qe3 Re6 58. Qh3+ Rh6 59. Qe3 Qe5 60.
Re1 Qh2+ 61. Kf1 Qh1+ 62. Ke2 Qxg2 63. Rg1 Qf3+ 64. Qxf3 exf3+ 65. Kxf3 Rf6+ 66.
Ke2 Rxf2+ 67. Kxf2 Bd4+ 68. Kf1 Bxg1 69. Kxg1 Kg6 70. Kf2 Kf5 71. Kf3 Ke5 72.
Ke3 Kd5 73. Kd3 Kxc5 74. Kc3 Kb5 75. Kb3 c5 76. Kc3 c4 77. Kc2 Kb4 78. Kb2 c3+
79. Kc2 Kc4 80. Kc1 Kb3 81. Kb1 c2+ 82. Kc1 Ka2 83. Kxc2 1-0

[Event "St.Petersburg Rapid 2016"]
[Site "St Petersburg RUS"]
[Date "2016.08.28"]
[Round "9.7"]
[White "Lysyj, Igor"]
[Black "Bodnaruk, Anastasia"]
[Result "1/2-1/2"]
[WhiteTitle "GM"]
[BlackTitle "IM"]
[WhiteElo "2643"]
[BlackElo "2465"]
[WhiteFideId "4150120"]
[BlackFideId "4181751"]
[EventDate "2016.08.27"]

1. d4 Nf6 2. c4 e6 3. Nf3 b6 4. g3 Bb4+ 5. Bd2 Bxd2+ 6. Qxd2 Ba6 7. b3 d5 8.
cxd5 exd5 9. Qe3+ Qe7 10. Qxe7+ Kxe7 11. Nc3 Rd8 12. Rc1 c5 13. e3 Bxf1 14. Kxf1
Nbd7 15. Ke2 Rac8 16. Rhd1 Nf8 17. Rc2 Ne4 18. dxc5 Rxc5 19. Rdc1 Nxc3+ 20. Rxc3
Rdc8 21. Rxc5 bxc5 22. Rd1 Rd8 23. Ne5 Rd6 24. Rc1 Ne6 25. f4 f5 26. h3 Ra6 27.
Rc2 Kd6 28. g4 g6 29. Nf3 Ke7 30. Rd2 Rd6 31. Ne5 d4 32. gxf5 gxf5 33. Kf3 Kf6
34. h4 Nc7 35. exd4 cxd4 36. Rc2 Nb5 37. Rc6 Ke6 38. Rxd6+ Kxd6 39. Ke2 Kd5 40.
Kd3 Nc7 41. Nd7 Ne6 42. Nf6+ Kc5 43. Nxh7 Nxf4+ 44. Kd2 Kd5 45. Ng5 Nh5 46. Kd3
Nf4+ 47. Kd2 Nh5 48. Kd3 Nf4+ 49. Kd2 1/2-1/2

[Event "St.Petersburg Rapid 2016"]
[Site "St Petersburg RUS"]
[Date "2016.08.28"]
[Round "9.8"]
[White "Indjic, Aleksandar"]
[Black "Rozum, Ivan"]
[Result "0-1"]
[WhiteTitle "GM"]
[BlackTitle "GM"]
[WhiteElo "2562"]
[BlackElo "2585"]
[WhiteFideId "911925"]
[BlackFideId "24104272"]
[EventDate "2016.08.27"]

1. d4 Nf6 2. Bg5 e6 3. e4 h6 4. Bxf6 Qxf6 5. c3 d6 6. Bd3 Qg6 7. Nf3 Qxg2 8. Rg1
Qh3 9. Nbd2 Nc6 10. Qa4 Bd7 11. Bb5 a6 12. d5 exd5 13. exd5 Ne7 14. Bxd7+ Qxd7
15. Qd4 Nf5 16. Qd3 O-O-O 17. O-O-O g6 18. h3 h5 19. Nb3 Bg7 20. Kb1 Rhe8 21. c4
Re7 22. Rc1 Rde8 23. c5 dxc5 24. Rxc5 Re2 25. Nbd2 Bf8 26. Rc2 Bd6 27. Rgc1 Rxf2
28. Ne4 Rxc2 29. Rxc2 Qb5 30. Rc4 Kb8 31. a4 Qb6 32. Rc3 Bb4 33. Rc4 a5 34. Nd4
Nxd4 35. Rxd4 f5 36. Ng5 Ba3 37. b3 Qc5 38. Qc4 Re1+ 39. Ka2 Qe7 40. Ne6 Bc1 41.
b4 Be3 42. Rd3 Qxb4 43. Qxb4 axb4 44. d6 cxd6 45. Rxd6 Re2+ 46. Kb3 Rd2 0-1

[Event "St.Petersburg Rapid 2016"]
[Site "St Petersburg RUS"]
[Date "2016.08.28"]
[Round "9.10"]
[White "Goganov, Aleksey"]
[Black "Pasiev, Rakhim"]
[Result "1-0"]
[WhiteTitle "GM"]
[BlackTitle "IM"]
[WhiteElo "2627"]
[BlackElo "2407"]
[WhiteFideId "24109959"]
[BlackFideId "24122475"]
[EventDate "2016.08.27"]

1. c4 e5 2. Nc3 Nc6 3. g3 h5 4. Nf3 d6 5. d4 exd4 6. Nxd4 h4 7. Nxc6 bxc6 8. Bg2
Bd7 9. Bf4 Ne7 10. Qd2 Ng6 11. O-O Nxf4 12. Qxf4 Rb8 13. b3 Be7 14. Rad1 Bg5 15.
Qd4 hxg3 16. hxg3 c5 17. Qe4+ Qe7 18. Qxe7+ Bxe7 19. Nd5 Bd8 20. e4 c6 21. Ne3
Be7 22. Rd3 g6 23. Rfd1 Bh3 24. Bxh3 Rxh3 25. e5 dxe5 26. Rd7 Rd8 27. Rxa7 Rd4
28. Re1 Rd2 29. a4 f6 30. a5 Kf7 31. a6 Ra2 32. Rd1 Rh8 33. Rdd7 Re8 34. Rdc7
Ra3 35. Rxc6 1-0

[Event "St.Petersburg Rapid 2016"]
[Site "St Petersburg RUS"]
[Date "2016.08.28"]
[Round "9.11"]
[White "Sichinava, Zviad"]
[Black "Matlakov, Maxim"]
[Result "1/2-1/2"]
[BlackTitle "GM"]
[WhiteElo "2298"]
[BlackElo "2686"]
[WhiteFideId "24111716"]
[BlackFideId "4168003"]
[EventDate "2016.08.27"]

1. d4 g6 2. h4 Nf6 3. h5 Nxh5 4. Rxh5 gxh5 5. e3 e6 6. Qxh5 d6 7. Nf3 Nd7 8. g4
Qe7 9. Nc3 Bg7 10. e4 h6 11. Be3 b6 12. e5 Bb7 13. Be2 dxe5 14. Nxe5 Nxe5 15.
dxe5 O-O-O 16. f4 f6 17. Bd3 fxe5 18. fxe5 Qe8 19. Qh2 h5 20. g5 h4 21. O-O-O h3
22. a3 Qh5 23. Nb5 Qf3 24. Re1 Qg2 25. Qf4 Rxd3 26. cxd3 Qc6+ 27. Kb1 Qxb5 28.
Qf7 Qd7 1/2-1/2

[Event "St.Petersburg Rapid 2016"]
[Site "St Petersburg RUS"]
[Date "2016.08.28"]
[Round "9.12"]
[White "Lintchevski, Daniil"]
[Black "Malakhov, Igor"]
[Result "1-0"]
[WhiteTitle "GM"]
[BlackTitle "IM"]
[WhiteElo "2527"]
[BlackElo "2451"]
[WhiteFideId "4171055"]
[BlackFideId "4183088"]
[EventDate "2016.08.27"]

1. e4 c5 2. Nf3 Nc6 3. d4 cxd4 4. Nxd4 g6 5. c4 Nf6 6. Nc3 d6 7. f3 Nxd4 8. Qxd4
Bg7 9. Be3 O-O 10. Qd2 Be6 11. Rc1 Qa5 12. b3 Rfc8 13. Be2 a6 14. Na4 Qxd2+ 15.
Kxd2 Nd7 16. g4 f5 17. exf5 gxf5 18. h3 Rf8 19. f4 Nf6 20. Bf3 d5 21. Nc5 Bc8
22. cxd5 fxg4 23. hxg4 Bxg4 24. Bxg4 Nxg4 25. Rcg1 Nxe3 26. Kxe3 Rf6 27. Ne6 Rg6
28. f5 Bh6+ 29. Ke4 Rxg1 30. Rxg1+ Kh8 31. f6 exf6 32. d6 Be3 33. Kxe3 Re8 34.
Kf4 Rxe6 35. Rd1 Re8 36. d7 Rd8 37. Kf5 Kg7 38. Ke6 f5 39. Ke7 1-0

[Event "St.Petersburg Rapid 2016"]
[Site "St Petersburg RUS"]
[Date "2016.08.28"]
[Round "10.1"]
[White "Huzman, Alexander"]
[Black "Morozevich, Alexander"]
[Result "1/2-1/2"]
[WhiteTitle "GM"]
[BlackTitle "GM"]
[WhiteElo "2577"]
[BlackElo "2683"]
[WhiteFideId "2803828"]
[BlackFideId "4116992"]
[EventDate "2016.08.27"]

1. Nf3 d5 2. d4 Bf5 3. c4 e6 4. Nc3 Nf6 5. cxd5 exd5 6. Qb3 Nc6 7. Bg5 Na5 8.
Qa4+ c6 9. Bxf6 gxf6 10. Qd1 Nc4 11. Qc1 h5 12. g3 Qb6 13. e4 Bg4 14. Bg2 Qxb2
15. Qxb2 Nxb2 16. O-O dxe4 17. Nxe4 O-O-O 18. Nxf6 Bg7 19. Nxg4 hxg4 20. Ne5
Rxd4 21. Nxf7 Rh5 22. f3 Nc4 23. fxg4 Ra5 24. g5 Rd2 25. Rad1 Raxa2 26. Rxd2
Rxd2 27. h4 a5 28. Bh3+ Kc7 29. h5 Bd4+ 30. Kh1 Ne3 31. Re1 Nd1 32. Re7+ Kb6 33.
h6 a4 34. g6 Nf2+ 35. Kg2 a3 36. Be6 Ng4+ 37. Kf3 Nf6 38. g4 Rf2+ 39. Kg3 Ne4+
40. Kh3 Rf3+ 41. Kg2 Rf2+ 42. Kh3 Rf3+ 43. Kg2 Rf2+ 44. Kh3 1/2-1/2

[Event "St.Petersburg Rapid 2016"]
[Site "St Petersburg RUS"]
[Date "2016.08.28"]
[Round "10.2"]
[White "Popov, Ivan RUS"]
[Black "Romanov, Evgeny"]
[Result "1/2-1/2"]
[WhiteTitle "GM"]
[BlackTitle "GM"]
[WhiteElo "2596"]
[BlackElo "2619"]
[WhiteFideId "4170350"]
[BlackFideId "4148843"]
[EventDate "2016.08.27"]

1. e4 e5 2. Nf3 Nc6 3. Bc4 Bc5 4. c3 Nf6 5. d3 a6 6. Bg5 h6 7. Bh4 d6 8. a4 Ba7
9. Nbd2 g5 10. Bg3 Qe7 11. O-O Be6 12. b4 Bxc4 13. Nxc4 Qe6 14. Qe2 Nh5 15. Kh1
Ne7 16. Nfd2 Nf4 17. Bxf4 gxf4 18. b5 O-O 19. Rab1 axb5 20. axb5 Bb8 21. d4 exd4
22. cxd4 d5 23. Ne5 c5 24. bxc6 bxc6 25. Qg4+ Qxg4 26. Nxg4 Ra2 27. Nf3 dxe4 28.
Nf6+ Kg7 29. Nxe4 Nf5 30. Ra1 Rxa1 31. Rxa1 Re8 32. Nc3 Bd6 33. h3 Bb4 34. Rc1
Bxc3 35. Rxc3 Re6 36. Kg1 Kf6 37. Kf1 Ke7 38. Rc5 Kf6 39. Rc4 Ke7 40. Ra4 Kf6
41. Ne5 Rd6 42. Nf3 Re6 43. Rc4 Ke7 44. d5 cxd5 45. Rxf4 Ng7 46. g4 Re4 47.
Rxe4+ dxe4 48. Nd2 f5 49. gxf5 Kf6 50. Nxe4+ Kxf5 51. Nc5 Nh5 52. Kg2 Nf4+ 53.
Kg3 Ne2+ 54. Kf3 Ng1+ 55. Kg2 Ne2 56. Nb3 Ke4 57. Nd2+ Kf4 58. Nf1 Kg5 59. Ne3
Nf4+ 60. Kg3 Ne2+ 61. Kf3 Ng1+ 62. Kg2 Ne2 63. Nd5 h5 64. Kf3 Ng1+ 65. Kg2 Ne2
66. Kf1 Nd4 67. Nc3 Kh4 68. Kg2 Kg5 69. Kg3 Nf5+ 70. Kf3 Kh4 71. Kg2 Kg5 72.
Ne4+ Kf4 73. Ng3 Nh4+ 74. Kf1 Kg5 75. Ke2 Ng6 76. Kf3 Kh4 77. Ke4 Kxh3 78. Nxh5 1/2-1/2

[Event "St.Petersburg Rapid 2016"]
[Site "St Petersburg RUS"]
[Date "2016.08.28"]
[Round "10.5"]
[White "Goganov, Aleksey"]
[Black "Alekseev, Evgeny"]
[Result "0-1"]
[WhiteTitle "GM"]
[BlackTitle "GM"]
[WhiteElo "2627"]
[BlackElo "2636"]
[WhiteFideId "24109959"]
[BlackFideId "4138147"]
[EventDate "2016.08.27"]

1. d4 d5 2. c4 e6 3. Nc3 Bb4 4. e3 c5 5. cxd5 exd5 6. dxc5 Nc6 7. Bd3 Nf6 8. Nf3
O-O 9. O-O Bxc5 10. h3 Qe7 11. b3 Rd8 12. Bb2 d4 13. exd4 Nxd4 14. Re1 Be6 15.
Ne4 Nxe4 16. Rxe4 Nxf3+ 17. Qxf3 Ba3 18. Be5 Bd5 19. Qg3 f6 20. Rd4 fxe5 21. Re1
Bf7 22. Rg4 Qf6 23. Re3 Bc1 24. Re2 Bf4 25. Qf3 Bh5 26. Qe4 Rxd3 27. Qxd3 Bxg4
28. hxg4 Rd8 29. Qc4+ Qf7 30. Qc2 Qd7 31. Re1 Qxg4 0-1

[Event "St.Petersburg Rapid 2016"]
[Site "St Petersburg RUS"]
[Date "2016.08.28"]
[Round "10.6"]
[White "Matlakov, Maxim"]
[Black "Gordievsky, Dmitry"]
[Result "1-0"]
[WhiteTitle "GM"]
[BlackTitle "IM"]
[WhiteElo "2686"]
[BlackElo "2555"]
[WhiteFideId "4168003"]
[BlackFideId "24112798"]
[EventDate "2016.08.27"]

1. c4 Nf6 2. Nc3 d5 3. cxd5 Nxd5 4. g3 g6 5. Bg2 Nxc3 6. bxc3 Bg7 7. Rb1 Nc6 8.
h4 Qd7 9. Qa4 Ne5 10. Qc2 Rb8 11. h5 b6 12. d4 Nc4 13. Nf3 Bb7 14. Kf1 O-O 15.
hxg6 hxg6 16. Bf4 Qf5 17. Qxf5 gxf5 18. Ng5 Ba6 19. Rb4 e5 20. dxe5 Rbd8 21. Bh3
Nxe5 22. Bxf5 Rfe8 23. Ra4 Bb7 24. Be4 Bxe4 25. Rxe4 f5 26. Rd4 Ng4 27. Rxd8
Rxd8 28. Kg2 Rd5 29. Ne6 c5 30. c4 Rd7 31. Rh5 Nf6 32. Rxf5 Ne4 33. f3 Nc3 34.
Nxg7 1-0

[Event "St.Petersburg Rapid 2016"]
[Site "St Petersburg RUS"]
[Date "2016.08.28"]
[Round "10.8"]
[White "Alekseenko, Kirill"]
[Black "Lysyj, Igor"]
[Result "0-1"]
[WhiteTitle "GM"]
[BlackTitle "GM"]
[WhiteElo "2582"]
[BlackElo "2643"]
[WhiteFideId "4135539"]
[BlackFideId "4150120"]
[EventDate "2016.08.27"]

1. e4 e5 2. Nf3 Nc6 3. Bb5 Nf6 4. d3 Bc5 5. c3 d5 6. Qe2 dxe4 7. dxe4 O-O 8. Bg5
Qe7 9. Nbd2 Nd8 10. b4 Bd6 11. Nc4 Ne6 12. Bd2 a6 13. Nxd6 cxd6 14. Bd3 Nf4 15.
Bxf4 exf4 16. Nd4 Ng4 17. O-O Qh4 18. Nf3 Qf6 19. Qd2 Be6 20. Be2 Rfd8 21. Rfd1
Rac8 22. Rac1 Ne5 23. Nxe5 Qxe5 24. c4 g5 25. f3 Rc6 26. c5 Rdc8 27. cxd6 Rxc1
28. Rxc1 Rxc1+ 29. Qxc1 Qxd6 30. Qb2 h6 31. a4 Qb6+ 32. Kf1 a5 33. Bb5 axb4 34.
Qxb4 Qe3 35. Be2 b6 36. h3 Qc1+ 37. Kf2 Qe3+ 38. Kf1 Kg7 39. Qb2+ Kg6 40. Qc2
Kh5 41. Qb1 Qd4 42. Bb5 Qc3 43. Kg1 Qd4+ 44. Kh2 Kg6 45. Qc1 Qf2 46. Kh1 Bxh3
47. gxh3 Qxf3+ 48. Kg1 Qg3+ 49. Kh1 Qxh3+ 50. Kg1 Qg3+ 51. Kf1 Qf3+ 52. Kg1 Qxe4
53. Qc7 Qe3+ 54. Kf1 g4 55. Qd6+ Kg5 56. Qd8+ f6 57. Qf8 Qc1+ 58. Ke2 0-1

[Event "St.Petersburg Rapid 2016"]
[Site "St Petersburg RUS"]
[Date "2016.08.28"]
[Round "10.9"]
[White "Bodnaruk, Anastasia"]
[Black "Lintchevski, Daniil"]
[Result "1/2-1/2"]
[WhiteTitle "IM"]
[BlackTitle "GM"]
[WhiteElo "2465"]
[BlackElo "2527"]
[WhiteFideId "4181751"]
[BlackFideId "4171055"]
[EventDate "2016.08.27"]

1. e4 c5 2. Nf3 Nf6 3. e5 Nd5 4. c4 Nc7 5. d4 cxd4 6. Nxd4 d6 7. Bf4 dxe5 8.
Bxe5 f6 9. Bxc7 Qxc7 10. Nc3 e6 11. Qe2 Bb4 12. Nxe6 Bxc3+ 13. bxc3 Bxe6 14.
Qxe6+ Qe7 15. Qxe7+ Kxe7 16. Rb1 b6 17. f4 Nd7 18. Kf2 Nc5 19. Be2 Rhd8 20. Ke3
Rd6 21. f5 Rad8 22. Rhd1 Rxd1 23. Rxd1 Rxd1 24. Bxd1 Kd6 25. Kd4 g6 26. Bc2 g5
27. Bd1 Nd7 28. Bf3 Ne5 29. Bd5 h6 30. Be4 Nd7 31. g4 Ne5 32. h3 Nd7 33. Bf3 Nc5
34. Bd5 a5 35. Bf3 a4 36. Bd1 a3 37. Bc2 Kc6 38. Bd1 Kd6 39. Bc2 Nd7 40. Be4 Ne5
41. Bd5 Nd7 42. Be4 Nc5 43. Bc2 Kc6 44. Bd1 1/2-1/2

[Event "St.Petersburg Rapid 2016"]
[Site "St Petersburg RUS"]
[Date "2016.08.28"]
[Round "10.10"]
[White "Novik, Maxim"]
[Black "Yudin, Sergei"]
[Result "1/2-1/2"]
[WhiteTitle "GM"]
[BlackTitle "GM"]
[WhiteElo "2480"]
[BlackElo "2539"]
[WhiteFideId "4102924"]
[BlackFideId "4159659"]
[EventDate "2016.08.27"]

1. d4 d5 2. Bf4 c5 3. e3 Nc6 4. c3 Nf6 5. Nd2 e6 6. Ngf3 Bd6 7. Bg3 O-O 8. Bd3
Re8 9. Ne5 Qc7 10. f4 Ne7 11. O-O Nf5 12. Bf2 Bf8 13. Qf3 Nd6 14. Bh4 Be7 15.
Bxf6 Bxf6 16. Qh3 g6 17. Ndf3 Bg7 18. Ng5 h6 19. Ngf3 Ne4 20. Bxe4 dxe4 21. Nd2
b6 22. Nxe4 Bb7 23. Nf2 h5 24. Qg3 Rad8 25. Rad1 Bd5 26. a3 Qb7 27. Rfe1 Qc7 28.
Rd2 a5 29. Nf3 b5 30. Nd3 Bf8 31. Nfe5 Be4 32. Nf2 Bb7 33. Red1 b4 34. axb4 axb4
35. c4 Bg7 36. b3 Rd6 37. dxc5 Rxd2 38. Rxd2 Qxc5 39. Rd7 Bxe5 40. Nd3 Qa7 41.
fxe5 Qa1+ 42. Qe1 Qa8 43. Qf2 Rf8 44. h4 Bc6 45. Rd6 Be4 46. Kh2 Bxd3 47. Rxd3
Qe4 48. Rd7 Qxe5+ 49. Qf4 Qc3 50. Rb7 Qxb3 51. c5 Qc3 52. Qd4 Rc8 53. Qf4 Rf8
54. Qd4 Rc8 55. Qf4 Rf8 56. Qd4 Rc8 1/2-1/2

[Event "St.Petersburg Rapid 2016"]
[Site "St Petersburg RUS"]
[Date "2016.08.28"]
[Round "10.11"]
[White "Sharafiev, Azat"]
[Black "Usmanov, Vasily"]
[Result "1/2-1/2"]
[WhiteTitle "IM"]
[BlackTitle "IM"]
[WhiteElo "2422"]
[BlackElo "2423"]
[WhiteFideId "4186214"]
[BlackFideId "4135741"]
[EventDate "2016.08.27"]

1. Nf3 Nf6 2. c4 e6 3. g3 a6 4. Bg2 b5 5. d3 Bb7 6. O-O c5 7. b3 Be7 8. Bb2 O-O
9. Nbd2 Qb6 10. e3 Nc6 11. Qe2 Rfd8 12. d4 d6 13. Rfd1 h6 14. Rac1 Rac8 15. h3 1/2-1/2

[Event "St.Petersburg Rapid 2016"]
[Site "St Petersburg RUS"]
[Date "2016.08.28"]
[Round "10.12"]
[White "Ponkratov, Pavel"]
[Black "Kashtanov, Ruslan"]
[Result "1-0"]
[WhiteTitle "GM"]
[BlackTitle "IM"]
[WhiteElo "2589"]
[BlackElo "2356"]
[WhiteFideId "4157800"]
[BlackFideId "4124871"]
[EventDate "2016.08.27"]

1. Nf3 Nf6 2. g3 g6 3. Bg2 Bg7 4. O-O c5 5. d4 cxd4 6. Nxd4 d5 7. Nc3 O-O 8. a4
Nc6 9. Nb3 d4 10. Nb5 e5 11. c3 a6 12. Na3 dxc3 13. bxc3 Qc7 14. Bg5 h6 15. Be3
Rd8 16. Qc1 Ng4 17. Bd2 Kh7 18. h3 Nf6 19. Rd1 Bf8 20. Qb2 Be6 21. c4 Bxa3 22.
Rxa3 Bxc4 23. Rc1 Bd5 24. Nc5 Bxg2 25. Kxg2 Rab8 26. Kh2 Qe7 27. e3 e4 28. Kg2
Rd5 29. Rb3 Rxc5 30. Rxc5 Qxc5 31. Qxf6 Qf5 32. Qxf5 gxf5 33. a5 Rd8 34. Be1 Rd7
35. g4 Kg6 36. Kg3 fxg4 37. hxg4 Kg5 38. Rc3 Rd5 39. Rc4 f5 40. gxf5 Kxf5 41. f3
Re5 42. Bc3 Re8 43. Rc5+ Kg6 44. f4 Ne7 45. Kg4 Rc8 46. f5+ Kf7 47. Rxc8 Nxc8
48. Kf4 b6 49. Kxe4 Nd6+ 50. Kd5 Nc8 51. e4 bxa5 52. e5 Ne7+ 53. Ke4 h5 54. e6+
Ke8 55. f6 h4 56. Bd4 h3 57. Be5 a4 58. Bf4 Ng6 59. Bd6 Nh8 60. Kf3 Nf7 61.
exf7+ Kxf7 62. Be5 Ke8 1-0

[Event "St.Petersburg Rapid 2016"]
[Site "St Petersburg RUS"]
[Date "2016.08.28"]
[Round "11.2"]
[White "Morozevich, Alexander"]
[Black "Rozum, Ivan"]
[Result "1-0"]
[WhiteTitle "GM"]
[BlackTitle "GM"]
[WhiteElo "2683"]
[BlackElo "2585"]
[WhiteFideId "4116992"]
[BlackFideId "24104272"]
[EventDate "2016.08.27"]

1. e4 c6 2. d4 d5 3. e5 Bf5 4. h4 h5 5. Bd3 Bxd3 6. Qxd3 e6 7. Bg5 Qa5+ 8. Nd2
Qa6 9. c4 Bb4 10. b3 Ne7 11. Ne2 Nf5 12. O-O Nd7 13. Nf3 Ba3 14. Qc2 dxc4 15.
bxc4 Nb6 16. c5 Nd5 17. Rfb1 O-O 18. Rb3 b6 19. Ng3 Nxg3 20. fxg3 bxc5 21. Bd2
cxd4 22. Ng5 g6 23. Rf1 Ne3 24. Bxe3 dxe3 25. Rf6 Kg7 26. Nxf7 1-0

[Event "St.Petersburg Rapid 2016"]
[Site "St Petersburg RUS"]
[Date "2016.08.28"]
[Round "11.4"]
[White "Chigaev, Maksim"]
[Black "Matlakov, Maxim"]
[Result "0-1"]
[WhiteTitle "IM"]
[BlackTitle "GM"]
[WhiteElo "2550"]
[BlackElo "2686"]
[WhiteFideId "4108116"]
[BlackFideId "4168003"]
[EventDate "2016.08.27"]

1. e4 c5 2. Nf3 e6 3. Nc3 Nc6 4. d4 cxd4 5. Nxd4 Qc7 6. f4 a6 7. Nxc6 bxc6 8.
Bd3 d5 9. O-O Nf6 10. Kh1 Be7 11. b3 Bb7 12. Bb2 O-O 13. Qe2 c5 14. Rae1 c4 15.
bxc4 dxc4 16. Bxc4 Rfc8 17. Bb3 Bb4 18. Rf3 Qa5 19. Qd3 Rd8 20. Qe3 Rac8 21. Rg3
Bc5 22. Qe2 Bd4 23. e5 Bxc3 24. Bxc3 Rxc3 25. exf6 Rxg3 26. hxg3 Rd2 27. Qe5
Qxe5 28. Rxe5 gxf6 29. Rc5 Rxg2 30. Bd5 Bxd5 31. Rxd5 Rxg3 32. Ra5 Rc3 33. Rxa6
Rxc2 34. f5 Re2 35. a4 Kg7 36. fxe6 fxe6 37. a5 e5 38. Ra8 Ra2 39. a6 Kg6 40.
Kg1 Kf5 0-1

[Event "St.Petersburg Rapid 2016"]
[Site "St Petersburg RUS"]
[Date "2016.08.28"]
[Round "11.5"]
[White "Lysyj, Igor"]
[Black "Huzman, Alexander"]
[Result "1/2-1/2"]
[WhiteTitle "GM"]
[BlackTitle "GM"]
[WhiteElo "2643"]
[BlackElo "2577"]
[WhiteFideId "4150120"]
[BlackFideId "2803828"]
[EventDate "2016.08.27"]

1. Nf3 Nf6 2. e3 g6 3. d4 Bg7 4. Be2 c5 5. O-O O-O 6. dxc5 Qa5 7. c4 Qxc5 8. Nc3
d6 9. e4 Bg4 10. Be3 Qa5 11. Rc1 Nc6 12. h3 Bxf3 13. Bxf3 Nd7 14. a3 Rac8 15.
Be2 Rfe8 16. f4 Qd8 17. Bg4 h5 18. Be2 Nf6 19. b4 e6 20. Bf3 e5 21. f5 Nd4 22.
fxg6 fxg6 23. Qd3 Qe7 24. Ne2 Nd7 25. Nc3 Nf6 26. Ne2 Nd7 27. Nc3 1/2-1/2

[Event "St.Petersburg Rapid 2016"]
[Site "St Petersburg RUS"]
[Date "2016.08.28"]
[Round "11.6"]
[White "Romanov, Evgeny"]
[Black "Pridorozhni, Aleksei"]
[Result "1-0"]
[WhiteTitle "GM"]
[BlackTitle "GM"]
[WhiteElo "2619"]
[BlackElo "2579"]
[WhiteFideId "4148843"]
[BlackFideId "4127870"]
[EventDate "2016.08.27"]

1. d4 d6 2. Nf3 Bg4 3. e4 Nd7 4. Be2 c6 5. h3 Bh5 6. c4 Qc7 7. Nc3 Ngf6 8. Be3
e5 9. d5 Be7 10. Nd2 Bg6 11. O-O O-O 12. Rc1 Rfc8 13. g3 Nc5 14. Bxc5 dxc5 15.
f4 h6 16. f5 Bh7 17. h4 a6 18. g4 Ne8 19. Nf3 f6 20. Qd2 Qd8 21. Rf2 Nd6 22. g5
Kh8 23. gxh6 gxh6 24. Rg2 Bf8 25. Nh2 b5 26. dxc6 b4 27. Nd5 Nxe4 28. Qe3 Nd6
29. Ng4 Nxf5 30. Qf2 Rxc6 31. Bd3 Nxh4 32. Qxh4 e4 33. Bxe4 Ra7 34. Nxh6 Bxh6
35. Qxh6 Qd6 36. Rf1 1-0

[Event "St.Petersburg Rapid 2016"]
[Site "St Petersburg RUS"]
[Date "2016.08.28"]
[Round "11.7"]
[White "Usmanov, Vasily"]
[Black "Ponkratov, Pavel"]
[Result "0-1"]
[WhiteTitle "IM"]
[BlackTitle "GM"]
[WhiteElo "2423"]
[BlackElo "2589"]
[WhiteFideId "4135741"]
[BlackFideId "4157800"]
[EventDate "2016.08.27"]

1. d4 Nf6 2. Nf3 c5 3. c3 e6 4. Bf4 Nc6 5. e3 Nh5 6. Bg5 Qb6 7. Qb3 h6 8. Bh4 g5
9. Bg3 Nxg3 10. hxg3 Bg7 11. Qxb6 axb6 12. Na3 d5 13. Bd3 Bd7 14. Rd1 Ke7 15.
Bb1 Ra5 16. Nd2 Rha8 17. O-O R5a6 18. Rfe1 f5 19. Nb3 c4 20. Nd2 Rxa3 21. bxa3
Rxa3 22. Rc1 b5 23. g4 fxg4 24. e4 Kd6 25. Re3 Ra8 26. Nf1 b4 27. Ng3 bxc3 28.
e5+ Kc7 29. Ne2 Bf8 30. Rexc3 0-1